000 00657nam a2200193Ia 4500
003 GCL
008 140319s9999 xx 000 0 ara d
040 _aGCL /
_cGCL
082 0 4 _a791.043
_bر ك
100 1 _aاحمد راشد
245 1 0 _aكيف تمثل للسينما (هدية من الاديب عبدالفتاح الجمل) /
_cاحمد راشد
700 1 _aروز، تونى
700 1 _aبنسون، مارتن
700 1 _aفريد المزاوى (مراجعه)
300 _a194 ص
490 _aالهيئة العامة للاستعلامات
_v0
650 0 4 _aالسينما - التمثيل فى السينما
942 _2ddc
_cBK
999 _c47284
_d47284